000 00334pab a2200145 454500
008 180718b2006 xxu||||| |||| 00| 0 eng d
100 _aGupta, Ankur
245 _aCriminal justice: historic-legal quagmire
260 _c2006
300 _ap.75-77.
362 _aOct
650 _aCriminal law
773 _aYojana
909 _a71729
999 _c71729
_d71729